Statistics for Tanks from ww2

Click here to take the quiz!

General Stats

  • This quiz has been taken 103 times
  • The average score is 5 of 13

Answer Stats

HintAnswer% Correct
Soviet tank 80,000 producedT-34
84%
Heavy Soviet TankK-V1
70%
Famous American tankM4 Sherman
70%
Heavier Soviet Tank produced laterIS-2
63%
Heaviest German tank ever producedTiger II
62%
Polish tank7TP
35%
Insane tank from New ZealandBob Semple
33%
Medium German PanzerPanzer IV
33%
Flame Thrower British tank which started production in 1943Churchill Crocodile
27%
Medium Japanese tankType 97
16%
Canadian tank named after a bear production started in 1943Grizzly
15%
Fiat made Italian tank which production started in 1923Fiat 3000
10%
Czech tank which started production in 1936AH-IV
1%

Score Distribution

Percentile by Number Answered

Percent of People with Each Score

Your Score History

You have not taken this quiz